00581 2200205 4500001002100000005001500021035002000036007000300056008004100059020001800100082001100118084001700129100001900146245010800165250001000273260003500283300002500318650001800343990001400361INLIS00000000000118320180102105930 a0010-0118000001ta180102 g 0 ind  a979-3465-46-8 a297.74 a297.74 AZY j0 aAzyumardi Azra1 aJaringan Ulama :bTimur Tengah dan Kepulauan Nusantara Abad XVII& XVIII, Akar Pembaruan Islam Indonesia aCet.1 aJakarta :bPrenadaMedia,c2004 a492hlm ;c15 x 23 cm aSejarah Islam a626.20193